[Event "El Puerto St Maria op 17th"]
[Site "Cadiz"]
[Date "2002.07.31"]
[Round "3.16"]
[White "De la Cruz Fernandez, Juan Carlos"]
[Black "Cosano Montero, Jose Enrique"]
[Result "0-1"]
[WhiteElo "1700"]
[BlackElo "1923"]
[PlyCount "77"]
[EventDate "2002.07.29"]
[EventType "swiss"]
[EventRounds "7"]
[EventCountry "ESP"]
[SourceTitle "EXT 2004"]
[Source "ChessBase"]
[SourceDate "2003.11.25"]
[SourceVersion "1"]
[SourceVersionDate "2003.11.25"]
[SourceQuality "1"]

1. e4 c5 2. Nf3 e6 3. c3 d5 4. exd5 exd5 5. Bb5+ Bd7 6. Bxd7+ Qxd7 7. 0-0 Nc6 8. d4 Nf6 9. Bg5 Ne4 10. Re1 f6 11. Bf4 0-0-0 12. Qa4 g5 13. Be3 h5 14. Nbd2 h4 15. Nxe4 dxe4 16. Nd2 cxd4 17. cxd4 Qd5 18. Rac1 Kb8 19. a3 Be7 20. Rc2 f5 21. f3 exf3 22. Nxf3 f4 23. Bf2 Bf6 24. Rc5 Qd7 25. d5 Ne5 26. Rc8+ Rxc8 27. Qxa7+ Kc7 28. Bb6+ Kd6 29. Nd4 Rhe8 30. Nb3 Nf3+ 31. gxf3 Rxe1+ 32. Kf2 Rce8 33. Bc5+ Kxd5 34. Qa5 Ke6 35. Nd4+ Bxd4+ 36. Bxd4 Qxd4+ 37. Kg2 Re2+ 38. Kh3 Kf6 39. Qb5 0-1

[Event "El Puerto St Maria op 17th"]
[Site "Cadiz"]
[Date "2002.07.30"]
[Round "2.30"]
[White "Roman Gallardo, Samuel"]
[Black "De la Cruz Fernandez, Juan Carlos"]
[Result "0-1"]
[WhiteElo "1700"]
[BlackElo "1700"]
[PlyCount "56"]
[EventDate "2002.07.29"]
[EventType "swiss"]
[EventRounds "7"]
[EventCountry "ESP"]
[SourceTitle "EXT 2004"]
[Source "ChessBase"]
[SourceDate "2003.11.25"]
[SourceVersion "1"]
[SourceVersionDate "2003.11.25"]
[SourceQuality "1"]

1. e4 e5 2. Bc4 Nc6 3. Qh5 g6 4. Qf3 Nf6 5. g4 Nd4 6. Qg2 Nxc2+ 7. Kf1 Nxa1 8. g5 Nh5 9. Qf3 Nf4 10. Nh3 d6 11. Nxf4 exf4 12. Qxf4 Qe7 13. b3 Bh3+ 14. Ke1 Nc2+ 15. Kd1 Nd4 16. Bb2 Bg7 17. Bxf7+ Qxf7 18. Qxf7+ Kxf7 19. Rg1 Rhe8 20. Rg3 Bd7 21. Rd3 Rxe4 22. f3 Rf4 23. Nc3 Rxf3 24. Rxf3+ Nxf3 25. Nd5 Bxb2 26. Nxc7 Rc8 27. Nd5 Bb5 28. Nf4 Rc1# 0-1